[Event "11th Asia-ch - Manny Pacquiao Cup"]
[Site "Manila PHI"]
[Date "2013.05.21"]
[Round "4"]
[White "Luthfi Ali, Muhammad"]
[Black "Nolte, Rolando"]
[Result "0-1"]
[WhiteElo "2246"]
[BlackElo "2453"]
[EventDate "2013.05.18"]
[PlyCount "74"]

1.e4 c5 2.Nf3 d6 3.d4 cxd4 4.Nxd4 Nf6 5.Nc3 a6 6.Be3 e6 7.f3 b5 8.Qd2 Nbd7
9.g4 b4 10.Na4 h6 11.O-O-O Ne5 12.b3 Bd7 13.Nb2 d5 14.Bf4 Ng6 15.e5 Nxf4 
16.Qxf4 Ng8 17.Qd2 Qb6 18.Kb1 Bc5 19.f4 Ne7 20.Ne2 O-O 21.Nd3 Be8 22.Nxc5 
Qxc5 23.Ng3 a5 24.Bd3 Nc6 25.Nh5 Nd4 26.g5 Bb5 27.gxh6 g6 28.Nf6+ Kh8 29.
Bxg6 Ne2 30.Bxf7 a4 31.c4 Nc3+ 32.Kc1 axb3 33.Qg2 Qe3+ 34.Rd2 b2+ 35.Kc2 
b1=Q+ 36.Rxb1 Rxa2+ 37.Kb3 Bxc4+ 0-1

[Event "11th Asia-ch - Manny Pacquiao Cup"]
[Site "Manila PHI"]
[Date "2013.05.21"]
[Round "4"]
[White "Bilguun, Sumiya"]
[Black "Firmansyah, Farid"]
[Result "1/2-1/2"]
[WhiteElo "2269"]
[BlackElo "2369"]
[EventDate "2013.05.18"]
[PlyCount "122"]

1.e4 c6 2.d4 d5 3.Nd2 Qb6 4.c3 dxe4 5.Nxe4 Bf5 6.Ng3 Bg6 7.h4 h6 8.Nf3 Nd7
9.h5 Bh7 10.Bd3 Bxd3 11.Qxd3 e6 12.O-O Ngf6 13.Re1 Be7 14.Nh4 O-O-O 15.
Nhf5 Bf8 16.Ne3 c5 17.Nc4 Qc7 18.Na3 a6 19.Qf3 Bd6 20.Nc4 cxd4 21.Nxd6+ 
Qxd6 22.cxd4 Qd5 23.Bf4 Qxf3 24.gxf3 Nb8 25.Be5 Nc6 26.Rac1 Ne8 27.Ne4 f6 
28.Bg3 Rxd4 29.Nc5 e5 30.Nxa6 Nd6 31.Nc5 Nf5 32.Ne4 Rhd8 33.Kg2 R4d5 34.a3
Kb8 35.Rc3 Ka8 36.Rec1 Rd1 37.Rxd1 Rxd1 38.f4 Rd4 39.Kf3 exf4 40.Kxf4 Nd6 
41.f3 f5 42.Bf2 fxe4 43.Bxd4 Nxd4 44.Ke5 N4b5 45.Rc1 exf3 46.a4 Nf7+ 47.
Kf5 Nd4+ 48.Ke4 Nc6 49.Kxf3 Ka7 50.Kf4 Ng5 51.Kf5 Ne7+ 52.Ke5 Kb6 53.b4 
Nc6+ 54.Kf5 Nxb4 55.Kg6 Ne6 56.Kf7 Nf4 57.Rh1 Nfd5 58.Kxg7 Ka5 59.Kxh6 Nf6
60.Kg5 Nxh5 61.Rb1 b6 1/2-1/2

[Event "11th Asia-ch - Manny Pacquiao Cup"]
[Site "Manila PHI"]
[Date "2013.05.21"]
[Round "4"]
[White "Pimentel, Joel"]
[Black "Megaranto, Susanto"]
[Result "0-1"]
[WhiteElo "2194"]
[BlackElo "2531"]
[EventDate "2013.05.18"]
[PlyCount "90"]

1.d4 Nf6 2.c4 e6 3.g3 Bb4+ 4.Bd2 Qe7 5.Bg2 Nc6 6.Nf3 Bxd2+ 7.Nbxd2 d6 8.
O-O O-O 9.a3 a5 10.Qc2 e5 11.e3 h6 12.d5 Nb8 13.b4 Na6 14.Rab1 Bd7 15.Nh4 
g6 16.Rfc1 Rfe8 17.e4 axb4 18.axb4 c5 19.dxc6 bxc6 20.Nhf3 c5 21.b5 Nb4 
22.Qd1 Be6 23.Ra1 Nd7 24.Rxa8 Rxa8 25.Nf1 Nb6 26.Ne3 Ra3 27.Bf1 Nc8 28.Ne1
Qb7 29.N1c2 Nxc2 30.Qxc2 Qa8 31.h4 h5 32.Rd1 Kf8 33.Qc1 Ra2 34.Nd5 Bxd5 
35.Qh6+ Kg8 36.Rxd5 Ra1 37.Qd2 Kg7 38.Qe2 Qa4 39.Kg2 Qb3 40.Rd2 Rb1 41.Kh2
Qc3 42.Kg2 Rc1 43.Kh2 Rxf1 44.b6 Nxb6 45.Rxd6 Re1 0-1

[Event "11th Asia-ch - Manny Pacquiao Cup"]
[Site "Manila PHI"]
[Date "2013.05.21"]
[Round "4"]
[White "Liew Chee Meng, Jimmy"]
[Black "Nguyen Van Huy"]
[Result "1/2-1/2"]
[WhiteElo "2287"]
[BlackElo "2443"]
[EventDate "2013.05.18"]
[PlyCount "86"]

1.d4 Nf6 2.Nc3 d5 3.Bg5 c6 4.Qd3 Nbd7 5.e4 dxe4 6.Nxe4 Nxe4 7.Qxe4 Qa5+ 8.
Bd2 Qd5 9.Qe3 Nb6 10.h3 Bf5 11.c4 Qe4 12.Nf3 g6 13.Be2 Bg7 14.Rd1 Rd8 15.
Qxe4 Bxe4 16.Be3 O-O 17.O-O h6 18.Ne5 Nd7 19.f3 Bf5 20.g4 Be6 21.Nxc6 bxc6
22.d5 cxd5 23.cxd5 Bxg4 24.fxg4 Nb6 25.Bf3 Rc8 26.Rc1 e6 27.dxe6 fxe6 28.
Bb7 Rxf1+ 29.Kxf1 Rxc1+ 30.Bxc1 Nd5 31.Ke2 Kf7 32.Kd3 Be5 33.Bxh6 Bh2 34.
Bxd5 exd5 35.Be3 Bb8 36.b4 a6 37.a4 Ke6 38.Bd4 Bg3 39.Bc3 Kd6 40.Bf6 Be1 
41.Bc3 Bg3 42.Bd4 Kc6 43.Bc3 Kd6 1/2-1/2

[Event "11th Asia-ch - Manny Pacquiao Cup"]
[Site "Manila PHI"]
[Date "2013.05.21"]
[Round "4"]
[White "Polao, Ben"]
[Black "Garcia, Jan Emmanuel"]
[Result "0-1"]
[WhiteElo "2083"]
[BlackElo "2401"]
[EventDate "2013.05.18"]
[PlyCount "78"]

1.e4 c5 2.Nc3 g6 3.f4 Bg7 4.Nf3 Nc6 5.Bb5 Nd4 6.O-O a6 7.Bc4 b5 8.Bd5 Rb8 
9.d3 e6 10.Bb3 b4 11.Ne2 Nxb3 12.axb3 Ne7 13.Qe1 d5 14.Qh4 Nc6 15.Qg3 O-O 
16.f5 exf5 17.exf5 Bxf5 18.Rxa6 Qc8 19.Ra2 Re8 20.Nf4 Qd7 21.Nh4 Nd4 22.
Be3 Be6 23.Bxd4 Bxd4+ 24.Kh1 Bg7 25.Nxe6 fxe6 26.Nf3 e5 27.Rfa1 e4 28.dxe4
dxe4 29.Ng5 Rbd8 30.Re1 e3 31.Qh4 h6 32.Qc4+ Qd5 33.Nf3 Qxc4 34.bxc4 Re4 
35.g3 g5 36.h3 Rxc4 37.Re2 Rxc2 38.Rxc2 b3 39.Rxc5 bxa2 0-1

[Event "11th Asia-ch - Manny Pacquiao Cup"]
[Site "Manila PHI"]
[Date "2013.05.22"]
[Round "5"]
[White "Paragua, Mark"]
[Black "Sadorra, Julio Catalino"]
[Result "1-0"]
[WhiteElo "2550"]
[BlackElo "2561"]
[EventDate "2013.05.18"]
[PlyCount "65"]

1.e4 e6 2.d4 d5 3.e5 c5 4.c3 Nc6 5.Nf3 Bd7 6.Be2 Rc8 7.O-O a6 8.dxc5 Bxc5 
9.c4 dxc4 10.Nbd2 b5 11.Ne4 Be7 12.b3 f5 13.Nd6+ Bxd6 14.Qxd6 c3 15.a4 Qe7
16.Qd1 Qc5 17.axb5 axb5 18.b4 Nxb4 19.Ba3 Ne7 20.Ne1 c2 21.Nxc2 Qxc2 22.
Bxb4 Qxd1 23.Rfxd1 Nd5 24.Ra7 Rc7 25.Rxc7 Nxc7 26.Bd6 Nd5 27.Ra1 Kf7 28.
Ra7 Rd8 29.Bxb5 Ke8 30.Ba6 Ne7 31.f4 Nc8 32.Rxd7 Kxd7 33.Bb5# 1-0

[Event "11th Asia-ch - Manny Pacquiao Cup"]
[Site "Manila PHI"]
[Date "2013.05.22"]
[Round "5"]
[White "Li Chao"]
[Black "Djao Thien Hai"]
[Result "1-0"]
[WhiteElo "2686"]
[BlackElo "2506"]
[EventDate "2013.05.18"]
[PlyCount "53"]

1.e4 c5 2.Nf3 d6 3.d4 cxd4 4.Nxd4 Nf6 5.Nc3 a6 6.Bg5 e6 7.f4 Be7 8.Qf3 Qc7
9.O-O-O Nbd7 10.g4 b5 11.Bxf6 Nxf6 12.g5 Nd7 13.f5 O-O 14.Qh5 Ne5 15.Bh3 
Qc4 16.Kb1 Bd7 17.f6 gxf6 18.Nf5 exf5 19.Nd5 fxg5 20.Nxe7+ Kh8 21.Rxd6 
Qxe4 22.Rhd1 Rac8 23.Nxc8 Rxc8 24.Qxg5 Rxc2 25.Ka1 Rxb2 26.Qd8+ Kg7 27.
Rg1+ 1-0

[Event "11th Asia-ch - Manny Pacquiao Cup"]
[Site "Manila PHI"]
[Date "2013.05.22"]
[Round "5"]
[White "Li Shilong"]
[Black "Gomez, John Paul"]
[Result "0-1"]
[WhiteElo "2558"]
[BlackElo "2511"]
[EventDate "2013.05.18"]
[PlyCount "66"]

1.d4 Nf6 2.c4 g6 3.f3 d5 4.cxd5 Nxd5 5.e4 Nb6 6.Nc3 Bg7 7.Be3 O-O 8.Qd2 
Nc6 9.O-O-O f5 10.e5 Nb4 11.Nh3 Be6 12.a3 Na2+ 13.Nxa2 Bxa2 14.Qc2 Qd5 15.
Nf4 Qb3 16.Qxb3+ Bxb3 17.Rd3 Bf7 18.h4 Rfd8 19.g4 Nc4 20.Bf2 c5 21.gxf5 
Bh6 22.Bg3 gxf5 23.Kb1 cxd4 24.e6 Be8 25.Bh3 Ne3 26.Rg1 Kf8 27.Rb3 Bc6 28.
Rxe3 dxe3 29.Bxf5 Bxf3 30.Nd3 Be2 31.Nc1 Rd1 32.Be1 Rc8 33.Bc2 Bd3 0-1

[Event "11th Asia-ch - Manny Pacquiao Cup"]
[Site "Manila PHI"]
[Date "2013.05.22"]
[Round "5"]
[White "Gopal, Geetha Narayanan"]
[Black "Adhiban, Baskaran"]
[Result "1/2-1/2"]
[WhiteElo "2526"]
[BlackElo "2556"]
[EventDate "2013.05.18"]
[PlyCount "55"]

1.e4 e5 2.Nf3 Nc6 3.Bb5 a6 4.Ba4 d6 5.O-O Bd7 6.c3 g6 7.d4 Bg7 8.d5 Nce7 
9.Bxd7+ Qxd7 10.c4 h6 11.Nc3 f5 12.Ne1 Nf6 13.f3 c6 14.a4 a5 15.Nd3 O-O 
16.Qe2 c5 17.f4 fxe4 18.Nxe4 Nxe4 19.Qxe4 exf4 20.Nxf4 Bd4+ 21.Be3 Qf5 22.
Qxe7 Rae8 23.Qxf8+ Rxf8 24.Bxd4 Qe4 25.Ne6 Rxf1+ 26.Rxf1 cxd4 27.Rf8+ Kh7 
28.Rf7+ 1/2-1/2

[Event "11th Asia-ch - Manny Pacquiao Cup"]
[Site "Manila PHI"]
[Date "2013.05.22"]
[Round "5"]
[White "Al-Sayed, Mohamad Naser"]
[Black "Dzhumaev, Marat"]
[Result "1/2-1/2"]
[WhiteElo "2502"]
[BlackElo "2549"]
[EventDate "2013.05.18"]
[PlyCount "78"]

1.d4 Nf6 2.c4 g6 3.Nc3 Bg7 4.e4 O-O 5.Nf3 c6 6.e5 Ne8 7.Be2 d6 8.Qb3 Nd7 
9.exd6 Nxd6 10.Bf4 c5 11.d5 Nb6 12.h3 e5 13.dxe6 fxe6 14.Bh2 Qe7 15.O-O 
Bd7 16.Rad1 Nf5 17.Bd3 Bc6 18.Be4 Bxc3 19.Bxc6 Nd4 20.Nxd4 Bxd4 21.Be4 Qh4
22.Rxd4 cxd4 23.Bxb7 Rad8 24.c5 Nd5 25.c6 Rf7 26.Qc4 Rdf8 27.Qe2 Ne3 28.c7
Nxf1 29.c8=Q Rxc8 30.Bxc8 Nxh2 31.Bxe6 Qf4 32.Bxf7+ Kxf7 33.Qa6 Kg8 34.b4 
Nf3+ 35.gxf3 Qg5+ 36.Kf1 Qc1+ 37.Kg2 Qg5+ 38.Kf1 Qc1+ 39.Kg2 Qg5+ 1/2-1/2

[Event "11th Asia-ch - Manny Pacquiao Cup"]
[Site "Manila PHI"]
[Date "2013.05.22"]
[Round "5"]
[White "Bitoon, Richard"]
[Black "Antonio, Rogelio jr"]
[Result "1-0"]
[WhiteElo "2403"]
[BlackElo "2539"]
[EventDate "2013.05.18"]
[PlyCount "65"]

1.d4 Nf6 2.Nf3 e6 3.g3 d5 4.Bg2 g6 5.O-O Bg7 6.c4 O-O 7.Qc2 Nc6 8.Rd1 a5 
9.Nc3 dxc4 10.e4 Rb8 11.e5 Nd5 12.Ne4 h6 13.Qxc4 Nce7 14.h4 Nf5 15.Nh2 b6 
16.h5 Bb7 17.Qe2 Nb4 18.Ng4 Ba6 19.Qd2 Nd5 20.Nef6+ Nxf6 21.exf6 Bxf6 22.
hxg6 Bg7 23.gxf7+ Rxf7 24.Qe1 Nxd4 25.Bxh6 Ne2+ 26.Kh2 Qf8 27.Be3 Rf5 28.
Be4 Qf7 29.Kg2 Rf8 30.f4 Qg6 31.Nh2 Bxb2 32.Nf3 Nc3 33.Nh4 1-0

[Event "11th Asia-ch - Manny Pacquiao Cup"]
[Site "Manila PHI"]
[Date "2013.05.22"]
[Round "5"]
[White "Das, Debashis"]
[Black "Sasikiran, Krishnan"]
[Result "0-1"]
[WhiteElo "2488"]
[BlackElo "2669"]
[EventDate "2013.05.18"]
[PlyCount "80"]

1.e4 c5 2.Nf3 d6 3.d4 cxd4 4.Nxd4 Nf6 5.Nc3 a6 6.Be3 e6 7.Be2 Qc7 8.a4 b6 
9.f4 Bb7 10.Bd3 Nbd7 11.Qe2 Be7 12.O-O h5 13.Nf3 Ng4 14.Bd2 h4 15.Ng5 Bxg5
16.Qxg4 Bf6 17.Qh3 g6 18.Kh1 Bd4 19.a5 Rh5 20.axb6 Bxb6 21.b4 Nf6 22.b5 a5
23.Ra4 Qe7 24.Be2 Rc5 25.Qxh4 Rac8 26.Qh8+ Kd7 27.Qh3 Rxc3 28.Bxc3 Nxe4 
29.Bd4 Rxc2 30.Bxb6 Rxe2 31.Qf3 Nf2+ 32.Qxf2 Rxf2 33.Bxf2 Qd8 34.Re1 Qf6 
35.Rg1 Qf5 36.Bg3 Qc5 37.Rga1 Qd5 38.R4a2 a4 39.b6 Bc6 40.Rb2 Qd4 0-1

[Event "11th Asia-ch - Manny Pacquiao Cup"]
[Site "Manila PHI"]
[Date "2013.05.22"]
[Round "5"]
[White "Negi, Parimarjan"]
[Black "Murshed, Niaz"]
[Result "0-1"]
[WhiteElo "2651"]
[BlackElo "2480"]
[EventDate "2013.05.18"]
[PlyCount "88"]

1.e4 e6 2.d4 d5 3.Nc3 Nf6 4.e5 Nfd7 5.f4 c5 6.Nf3 Nc6 7.Be3 Be7 8.Qd2 O-O 
9.dxc5 Bxc5 10.O-O-O Qa5 11.Bxc5 Nxc5 12.Qe3 Bd7 13.f5 d4 14.Nxd4 Nxd4 15.
Qxd4 exf5 16.Kb1 Be6 17.Bc4 Rfd8 18.Nd5 Ne4 19.g4 Nf2 20.Qxf2 Rxd5 21.Bxd5
Bxd5 22.Rhg1 Qxa2+ 23.Kc1 Qa1+ 24.Kd2 Qxb2 25.Qxf5 g6 26.Qd3 Qxe5 27.Rge1 
Qxh2+ 28.Kc1 Qf4+ 29.Qd2 Qxd2+ 30.Rxd2 Be6 31.g5 a5 32.Red1 b5 33.Rd8+ 
Rxd8 34.Rxd8+ Kg7 35.Kd2 h6 36.gxh6+ Kxh6 37.Ke3 a4 38.Ra8 Kg5 39.Ra5 Bc4 
40.Ke4 Kg4 41.Ra6 g5 42.Ke3 f5 43.Kf2 Kf4 44.c3 Ke4 0-1

[Event "11th Asia-ch - Manny Pacquiao Cup"]
[Site "Manila PHI"]
[Date "2013.05.22"]
[Round "5"]
[White "Nolte, Rolando"]
[Black "Nguyen Ngoc Truong Son"]
[Result "0-1"]
[WhiteElo "2453"]
[BlackElo "2631"]
[EventDate "2013.05.18"]
[PlyCount "74"]

1.e4 c5 2.Nf3 d6 3.d4 cxd4 4.Nxd4 Nf6 5.Nc3 a6 6.Be3 e5 7.Nb3 Be6 8.Qd2 
Nbd7 9.f3 Be7 10.O-O-O O-O 11.g4 b5 12.g5 b4 13.Ne2 Ne8 14.f4 a5 15.f5 
Bxb3 16.cxb3 a4 17.bxa4 Rxa4 18.Kb1 Rxa2 19.Nc1 Ra8 20.Nb3 Qc8 21.Rg1 g6 
22.Qd5 Nc7 23.Qc6 Rd8 24.Rc1 Nc5 25.Nxc5 dxc5 26.Bxc5 Bxc5 27.Qxc5 Ra1+ 
28.Kxa1 Qa8+ 29.Kb1 b3 30.Qa3 Qxe4+ 31.Ka1 Ra8 32.Ba6 Nxa6 33.Rge1 Qxf5 
34.Rc5 Qf3 35.Rcxe5 Nb4 36.Re8+ Rxe8 37.Rxe8+ Kg7 0-1

[Event "11th Asia-ch - Manny Pacquiao Cup"]
[Site "Manila PHI"]
[Date "2013.05.22"]
[Round "5"]
[White "Santosh Gujrathi, Vidit"]
[Black "Nguyen Djuc Hoa"]
[Result "1-0"]
[WhiteElo "2549"]
[BlackElo "2503"]
[EventDate "2013.05.18"]
[PlyCount "107"]

1.d4 d5 2.c4 e6 3.Nc3 Be7 4.Nf3 Nf6 5.Qc2 O-O 6.cxd5 exd5 7.Bg5 c6 8.e3 h6
9.Bf4 Bd6 10.Bxd6 Qxd6 11.Bd3 Be6 12.Ne5 Nfd7 13.f4 Nxe5 14.dxe5 Qc5 15.
Qd2 Rd8 16.Rc1 Na6 17.Bxa6 bxa6 18.Ne4 Qe7 19.Nc5 Qh4+ 20.Qf2 Qe7 21.O-O 
Rab8 22.Rc3 Rb6 23.b3 Bf5 24.Rfc1 Rc8 25.Qd2 a5 26.Na4 Rbb8 27.Rc5 Kh8 28.
Rxa5 Rc7 29.Rac5 Rbc8 30.Qd4 f6 31.exf6 gxf6 32.Nc3 Kg7 33.b4 Be4 34.Nxe4 
dxe4 35.Rd1 Rb8 36.a3 Rb5 37.Rxb5 cxb5 38.Qd5 a6 39.Qf5 Qf7 40.Qxe4 Re7 
41.Qd3 Qe6 42.Kf2 Qg4 43.Qd8 Kf7 44.Qd5+ Kg7 45.h3 Qc8 46.Qd3 Qe6 47.Rd2 
Kf8 48.Re2 Kg7 49.e4 Rd7 50.Qe3 Rc7 51.e5 Rc6 52.exf6+ Qxf6 53.g3 Rc3 54.
Qe5 1-0

[Event "11th Asia-ch - Manny Pacquiao Cup"]
[Site "Manila PHI"]
[Date "2013.05.22"]
[Round "5"]
[White "Nouri, Hamed"]
[Black "Arun Prasad, Subramanian"]
[Result "0-1"]
[WhiteElo "2368"]
[BlackElo "2521"]
[EventDate "2013.05.18"]
[PlyCount "132"]

1.e4 c5 2.Nf3 d6 3.Bb5+ Nd7 4.Nc3 a6 5.Bxd7+ Bxd7 6.d4 cxd4 7.Qxd4 Rc8 8.
O-O e5 9.Qb4 Bc6 10.Rd1 Qc7 11.Be3 Nf6 12.Bb6 Qb8 13.Nd5 Bxd5 14.exd5 Nd7 
15.Qa4 Be7 16.Rd3 Bd8 17.Bxd8 Rxd8 18.Ng5 O-O 19.Qh4 h6 20.Rg3 Nf6 21.Ne4 
Nxe4 22.Qxe4 Qc7 23.Qf5 Qe7 24.Re1 g6 25.Qg4 Kh7 26.f4 Qf6 27.fxe5 dxe5 
28.Qe4 Qb6+ 29.Kh1 Qxb2 30.Rf1 f5 31.Qc4 Qb5 32.Qxb5 axb5 33.Rd1 Rc8 34.
Rb3 Rxc2 35.Rxb5 Rf7 36.d6 Rd7 37.g4 fxg4 38.Rxe5 Kg7 39.Re6 Rc6 40.Kg2 h5
41.Rb1 b6 42.Re7+ Rxe7 43.dxe7 Kf7 44.Re1 Rc8 45.a4 Re8 46.Rb1 Rxe7 47.
Rxb6 Re2+ 48.Kg3 Ra2 49.Ra6 Kg7 50.Ra8 Kh6 51.Ra5 Ra3+ 52.Kf2 h4 53.Kg2 
Ra2+ 54.Kg1 h3 55.Rc5 Rxa4 56.Kf2 Ra3 57.Rb5 Rf3+ 58.Kg1 Rf5 59.Rb1 Kg5 
60.Rc1 Ra5 61.Rd1 Kh4 62.Rb1 Ra3 63.Re1 g5 64.Kf2 Rf3+ 65.Kg1 g3 66.Re8 
Rf1+ 0-1

[Event "11th Asia-ch - Manny Pacquiao Cup"]
[Site "Manila PHI"]
[Date "2013.05.22"]
[Round "5"]
[White "Abelgas, Roel"]
[Black "Wan Yunguo"]
[Result "1/2-1/2"]
[WhiteElo "2269"]
[BlackElo "2509"]
[EventDate "2013.05.18"]
[PlyCount "63"]

1.d4 Nf6 2.c4 g6 3.Nc3 Bg7 4.Nf3 O-O 5.g3 d6 6.Bg2 c6 7.O-O Qa5 8.d5 Qa6 
9.Nd2 Nbd7 10.Rb1 Ne5 11.dxc6 bxc6 12.b3 Rb8 13.Bb2 Qa5 14.h3 Bb7 15.Na4 
Ned7 16.e4 c5 17.Re1 Rfd8 18.Qc2 Ne8 19.Nf3 Bxb2 20.Nxb2 e5 21.h4 Nf8 22.
Bh3 Qxa2 23.Ra1 Bxe4 24.Qxe4 Qxb2 25.Reb1 Qc3 26.Rxa7 Nf6 27.Qc6 h6 28.Qc7
N6d7 29.Nh2 Qd3 30.Rba1 Rbc8 31.Qb7 Rb8 32.Qc7 1/2-1/2

[Event "11th Asia-ch - Manny Pacquiao Cup"]
[Site "Manila PHI"]
[Date "2013.05.22"]
[Round "5"]
[White "Batchuluun, Cegmed"]
[Black "Gombosuren, Munkhgal"]
[Result "1-0"]
[WhiteElo "2507"]
[BlackElo "2427"]
[EventDate "2013.05.18"]
[PlyCount "79"]

1.d4 Nf6 2.c4 e6 3.g3 d5 4.Nf3 dxc4 5.Bg2 Nc6 6.Qa4 Bb4+ 7.Bd2 Nd5 8.Bxb4 
Nxb4 9.O-O Rb8 10.Na3 O-O 11.Qb5 b6 12.Qxc4 Ba6 13.Nb5 Qd5 14.Qxd5 Nxd5 
15.a4 Na5 16.Ne5 Rbd8 17.Nxa7 Nb4 18.Rac1 Rxd4 19.Rxc7 Bxe2 20.Rfc1 Nd3 
21.Nac6 Nxc6 22.Nxc6 Rd6 23.Ne7+ Kh8 24.Rc8 Rdd8 25.Rxd8 Rxd8 26.Rc8 Rxc8 
27.Nxc8 Nxb2 28.Nxb6 Ba6 29.a5 Kg8 30.Nd7 Nc4 31.Nc5 Bb5 32.a6 Nb6 33.a7 
Kf8 34.a8=Q+ Nxa8 35.Bxa8 Ke7 36.f4 h6 37.Kf2 Bc4 38.Ke3 Bb5 39.Ke4 Bc4 
40.Bc6 1-0

[Event "11th Asia-ch - Manny Pacquiao Cup"]
[Site "Manila PHI"]
[Date "2013.05.22"]
[Round "5"]
[White "Laylo, Darwin"]
[Black "Nava, Roderick"]
[Result "1/2-1/2"]
[WhiteElo "2504"]
[BlackElo "2362"]
[EventDate "2013.05.18"]
[PlyCount "61"]

1.Nf3 Nf6 2.g3 g6 3.Bg2 Bg7 4.O-O d6 5.d3 O-O 6.c4 c6 7.Nc3 d5 8.cxd5 cxd5
9.d4 Nc6 10.Ne5 e6 11.f4 Nd7 12.Be3 f6 13.Nf3 a6 14.Rc1 Nb6 15.b3 Bd7 16.
Qd2 Qe7 17.Bf2 f5 18.Ne5 Rfc8 19.Nxc6 Rxc6 20.Nb1 Rac8 21.Rxc6 Rxc6 22.Rc1
Rxc1+ 23.Qxc1 Bc6 24.e3 Bf8 25.Bf1 Qc7 26.Be1 Nd7 27.Bd2 Bd6 28.Bd3 Nf6 
29.Kg2 Bd7 30.Qxc7 Bxc7 31.Nc3 1/2-1/2

[Event "11th Asia-ch - Manny Pacquiao Cup"]
[Site "Manila PHI"]
[Date "2013.05.22"]
[Round "5"]
[White "Barbosa, Oliver"]
[Black "Donguines, Fernie"]
[Result "1-0"]
[WhiteElo "2566"]
[BlackElo "2372"]
[EventDate "2013.05.18"]
[PlyCount "87"]

1.d4 Nf6 2.c4 c5 3.d5 b5 4.Qc2 d6 5.e4 g6 6.Nf3 Bg7 7.cxb5 a6 8.Nc3 O-O 9.
a4 axb5 10.Bxb5 Na6 11.h3 Nb4 12.Qe2 Ba6 13.O-O Nd7 14.Rd1 Qc7 15.Ra3 Rfb8
16.h4 Ne5 17.Nxe5 Bxe5 18.Bxa6 Rxa6 19.Nb5 Qd7 20.h5 Ra5 21.f4 Bg7 22.e5 
dxe5 23.fxe5 Nxd5 24.Qd2 Raxb5 25.axb5 e6 26.Qe2 Qc7 27.Re1 c4 28.Kh1 Qc5 
29.Rf1 Qc7 30.Qf2 h6 31.Ra7 Rb7 32.Rxb7 Qxb7 33.hxg6 fxg6 34.Qc5 Kh7 35.
Qxc4 Bxe5 36.Qe4 Qc7 37.b6 Nxb6 38.Bf4 Bxf4 39.Qxf4 Qxf4 40.Rxf4 Kg7 41.b4
Nd5 42.b5 Nb6 43.Rf1 h5 44.Rc1 1-0

[Event "11th Asia-ch - Manny Pacquiao Cup"]
[Site "Manila PHI"]
[Date "2013.05.22"]
[Round "5"]
[White "Megaranto, Susanto"]
[Black "Rudin, Hamdani"]
[Result "1-0"]
[WhiteElo "2531"]
[BlackElo "2341"]
[EventDate "2013.05.18"]
[PlyCount "71"]

1.d4 d5 2.Nf3 Nf6 3.c4 c6 4.e3 e6 5.Bd3 Nbd7 6.Nbd2 Be7 7.O-O O-O 8.Qc2 h6
9.b3 b6 10.Bb2 Bb7 11.Rad1 Rc8 12.e4 dxe4 13.Nxe4 Qc7 14.c5 Rfd8 15.b4 
Nxe4 16.Bxe4 Nf6 17.Bd3 a5 18.bxa5 bxa5 19.Ne5 Ra8 20.Qe2 Nd7 21.f4 Bf6 
22.Qe4 Nf8 23.Ng4 Qe7 24.Rde1 Ba6 25.Bxa6 Rxa6 26.f5 Nh7 27.fxe6 h5 28.Qe2
Ra7 29.exf7+ Qxf7 30.Ne5 Qd5 31.Qxh5 Re7 32.Bc3 Ng5 33.Ng6 Rxe1 34.Rxe1 
Bxd4+ 35.Bxd4 Qxd4+ 36.Kh1 1-0

[Event "11th Asia-ch - Manny Pacquiao Cup"]
[Site "Manila PHI"]
[Date "2013.05.22"]
[Round "5"]
[White "Wang Chen"]
[Black "Bai Jinshi"]
[Result "1-0"]
[WhiteElo "2498"]
[BlackElo "2369"]
[EventDate "2013.05.18"]
[PlyCount "95"]

1.c4 Nf6 2.Nc3 c6 3.e4 d5 4.exd5 cxd5 5.d4 Nc6 6.Nf3 Bg4 7.cxd5 Nxd5 8.Qb3
Nb6 9.Be3 Bxf3 10.gxf3 g6 11.d5 Ne5 12.Bb5+ Nbd7 13.Be2 Nf6 14.Qxb7 Bg7 
15.Bb5+ Ned7 16.d6 O-O 17.Rd1 exd6 18.Rxd6 Qe7 19.Rd2 Rfb8 20.Qc7 Rc8 21.
Qd6 Qxd6 22.Rxd6 Ne5 23.Ke2 Rab8 24.Bxa7 Rb7 25.Bd4 Ne8 26.Rd5 Nc7 27.Rc5 
Nd7 28.Bxd7 Bxd4 29.Rc4 Rxb2+ 30.Kd3 Bxc3 31.Rxc3 Ra8 32.Rxc7 Raxa2 33.h3 
Rxf2 34.Ke3 Rae2+ 35.Kf4 Kg7 36.Rg1 Re7 37.Rb7 Rh2 38.Kg3 Rd2 39.Bc6 Re5 
40.h4 Rh5 41.Re1 Rd6 42.Bd7 Rf6 43.Re7 Kf8 44.Re8+ Kg7 45.Be6 g5 46.Ree7 
gxh4+ 47.Kh3 Kh6 48.Bg4 1-0

[Event "11th Asia-ch - Manny Pacquiao Cup"]
[Site "Manila PHI"]
[Date "2013.05.22"]
[Round "5"]
[White "Emperado, Emmanuel"]
[Black "Goh Wei Ming, Kevin"]
[Result "0-1"]
[WhiteElo "2313"]
[BlackElo "2449"]
[EventDate "2013.05.18"]
[PlyCount "160"]

1.e4 e6 2.d4 d5 3.Nc3 Bb4 4.e5 c5 5.a3 Bxc3+ 6.bxc3 Ne7 7.Qg4 cxd4 8.Qxg7 
Rg8 9.Qxh7 Qc7 10.Ne2 Nbc6 11.f4 dxc3 12.h4 Bd7 13.h5 O-O-O 14.Qd3 Nf5 15.
Rg1 Qb6 16.g4 Nh6 17.g5 Nf5 18.Qxc3 d4 19.Qb3 Qc5 20.Bh3 Nce7 21.a4 Bc6 
22.Ba3 Qa5+ 23.Bb4 Qc7 24.O-O-O Bd5 25.Qb2 Bf3 26.Bd6 Nxd6 27.exd6 Rxd6 
28.Nxd4 Bxd1 29.Nb5 Qc5 30.Nxd6+ Qxd6 31.Rxd1 Qxf4+ 32.Kb1 Qxg5 33.Qd4 Kb8
34.Qd6+ Ka8 35.h6 Nd5 36.h7 Rh8 37.Rd3 Qg1+ 38.Ka2 Qb6 39.Qxb6 axb6 40.Kb3
Rxh7 41.Bg2 Nf4 42.Rd8+ Ka7 43.Bf1 Rh5 44.Bb5 Rd5 45.Rf8 f5 46.Rf7 Rd6 47.
Bf1 Kb8 48.Bb5 Kc8 49.Rf8+ Rd8 50.Rf6 Rh8 51.Bc4 Kd7 52.Rf7+ Kd6 53.Rxb7 
Nd5 54.Bb5 Rh3+ 55.Kb2 Kc5 56.c4 Rh2+ 57.Kb3 Rh3+ 58.Kb2 Nf4 59.Rb8 Rg3 
60.Kc2 e5 61.Rf8 Ne6 62.Rc8+ Kb4 63.Kd2 Nc5 64.Rf8 f4 65.Ke2 Re3+ 66.Kf1 
Nxa4 67.Rb8 Nb2 68.Rxb6 Nxc4 69.Rb8 Nd2+ 70.Kf2 Ne4+ 71.Kf1 Kc5 72.Ba6 Nd6
73.Rf8 Ra3 74.Be2 Ne4 75.Bg4 Kd4 76.Rc8 f3 77.Rc1 Ke3 78.Re1+ Kf4 79.Bc8 
Ng3+ 80.Kg1 Ra2 0-1

[Event "11th Asia-ch - Manny Pacquiao Cup"]
[Site "Manila PHI"]
[Date "2013.05.22"]
[Round "5"]
[White "Kuderinov, Kirill"]
[Black "Bersamina, Paulo"]
[Result "1/2-1/2"]
[WhiteElo "2442"]
[BlackElo "2283"]
[EventDate "2013.05.18"]
[PlyCount "160"]

1.c4 c5 2.Nf3 g6 3.g3 Bg7 4.Bg2 Nc6 5.O-O e5 6.Nc3 Nge7 7.d3 O-O 8.a3 d6 
9.Rb1 a5 10.Bg5 f6 11.Bd2 f5 12.Bg5 h6 13.Bxe7 Nxe7 14.Nd2 Ra6 15.Nd5 Be6 
16.b4 Bxd5 17.cxd5 cxb4 18.axb4 b5 19.bxa5 Rxa5 20.Nb3 Ra2 21.Nc1 Ra5 22.
Qb3 Qa8 23.Qb4 Qa6 24.Nb3 Ra4 25.Qd2 e4 26.dxe4 fxe4 27.e3 Qa8 28.Rbd1 Kh7
29.Bh3 Ra3 30.Qb4 Be5 31.Nd4 Rb8 32.Be6 Ra4 33.Qb3 Rc4 34.Rc1 Bxd4 35.exd4
Rxc1 36.Rxc1 b4 37.Rb1 Qa6 38.Rc1 Rb7 39.Qe3 Qd3 40.Qf4 Qxd4 41.Qxd6 e3 
42.Qf4 Qxf4 43.gxf4 e2 44.f3 Nf5 45.Bxf5 gxf5 46.Kf2 Rd7 47.Rc5 b3 48.Rb5 
b2 49.Rxb2 Rxd5 50.Rxe2 Rd6 51.Re5 Kg6 52.Kg3 Kf6 53.Kh4 Rc6 54.Rb5 Ra6 
55.Rb2 Rc6 56.Rg2 Kf7 57.Kh5 Ra6 58.Rb2 Rf6 59.Rb7+ Kg8 60.Kh4 Rg6 61.Ra7 
Rg2 62.Kh3 Rg6 63.Rc7 Kf8 64.Kh4 Kg8 65.Rd7 Rg2 66.h3 Rg6 67.Ra7 Kf8 68.
Ra5 Rf6 69.Kh5 Kg7 70.Rb5 Kh7 71.Rb7+ Kg8 72.Kh4 Rg6 73.Rb5 Rf6 74.Kg3 Kg7
75.Rb8 Kh7 76.Kf2 Ra6 77.Rd8 Kg6 78.Rg8+ Kf7 79.Rg1 Rb6 80.Rc1 Kg6 1/2-1/2

[Event "11th Asia-ch - Manny Pacquiao Cup"]
[Site "Manila PHI"]
[Date "2013.05.22"]
[Round "5"]
[White "Docena, Jerad"]
[Black "Pascua, Haridas"]
[Result "1-0"]
[WhiteElo "2055"]
[BlackElo "2413"]
[EventDate "2013.05.18"]
[PlyCount "51"]

1.e4 g6 2.d4 Bg7 3.Nc3 c6 4.Be3 d5 5.Nf3 Nf6 6.e5 Nfd7 7.h4 h6 8.e6 fxe6 
9.Bd3 Nf8 10.Bf4 Nbd7 11.Qe2 Qb6 12.O-O-O c5 13.Nb5 Kf7 14.Nc7 Rb8 15.c3 
cxd4 16.cxd4 e5 17.Nxe5+ Nxe5 18.Bxe5 Bg4 19.f3 Rc8 20.Kb1 Be6 21.Bxg7 
Kxg7 22.Qe5+ Kh7 23.Nxd5 Qd8 24.Nf4 Qd6 25.Rde1 Qxe5 26.Rxe5 1-0

[Event "11th Asia-ch - Manny Pacquiao Cup"]
[Site "Manila PHI"]
[Date "2013.05.22"]
[Round "5"]
[White "Nezad, Husein Aziz"]
[Black "Bilguun, Sumiya"]
[Result "1-0"]
[WhiteElo "2410"]
[BlackElo "2269"]
[EventDate "2013.05.18"]
[PlyCount "77"]

1.d4 d5 2.Nf3 e6 3.c4 c6 4.e3 Nf6 5.Nc3 Nbd7 6.Bd3 dxc4 7.Bxc4 b5 8.Bd3 a6
9.e4 c5 10.d5 e5 11.O-O g6 12.a4 c4 13.Bc2 b4 14.Ne2 a5 15.Bg5 Bg7 16.Rc1 
h6 17.Bh4 O-O 18.Re1 Ba6 19.Ng3 Qb6 20.Nf1 Qd6 21.Ne3 Nb6 22.Nd2 Rfc8 23.
f4 exf4 24.e5 Qxe5 25.Nexc4 Qb8 26.Bxf6 Bxf6 27.Ne4 Nxc4 28.Nxf6+ Kg7 29.
Kh1 Qb6 30.Ne4 f5 31.d6 fxe4 32.d7 Rd8 33.Bxe4 Ra7 34.Bc6 Qxc6 35.Qd4+ Kg8
36.Re7 Ne5 37.Rxc6 Raxd7 38.Rxg6+ Kf8 39.Qxf4+ 1-0